Candice Breitz : exposición múltiple.

Сохранить в:
Библиографические подробности
Другие авторы: Breitz, Candice
Формат:
Язык:испанский
Опубликовано: Barcelona : León : Actar ; MUSAC, c2007
Метки: Добавить метку
Нет меток, Требуется 1-ая метка записи!

MARC

LEADER 00000nam a22000007i 4500
001 IT\ICCU\TO0\1610072
003 ItRI
005 20260115232024.0
008 070719s2007 sp |||||| ||||| |||||c
020 |a 9788493535612 
020 |a 9788496540606 
040 |b ita  |c importazione bologna sebina 
041 7 |a spa  |2 ISO-639-2 
245 0 0 |a Candice Breitz :  |b exposición múltiple. 
246 1 1 |a Candice Breitz  |e multiple exposure :  |b multiple exposure :  |9 IT\ICCU\UBO\3794310 
260 |a Barcelona :  |b Actar ;  |a León :  |b MUSAC,  |c c2007 
300 |a 251 p. :  |b ill. ;  |c 29x29 cm 
500 |a Mostra tenuta a Leon, 20 gennaio-2 maggio 2007. 
500 |a Testo e front. anche in inglese 
700 1 |a Breitz, Candice  |0 IT\ICCU\TO0V\416819 
942 |2 ddc  |c BK  |n 0 
952 |0 0  |1 0  |4 0  |6 DOC_709_200000000000000_CAN  |7 0  |9 19009  |a BO  |b BO  |d 2026-01-15  |i 13739  |l 0  |o DOC 709.2 CAN  |p BO13739  |r 2026-01-15 23:20:24  |w 2026-01-15  |x [Sebina 6] [1 v.]  |y BK  |z 1 v. 
999 |c 16162  |d 16162